00414nam a2200157Ia 450000500170000000800460001703700180006304000200008104100130010108400250011410000110013924500460015026000090019630000090020554600420021420250508170227.0008 250505s9999 xx 000 0 eng d aDissertations aFEDLbengcFEDL aeng2eng a305.42, SHE/DIqFEDL aSheeba 0aStudy of the identity of adolescent girls c2023 a51p. aM.Ed. Dissertation (Delhi University)